000
00226nam a22001097a 4500
100
_a
StevenSou, Robert Louis
245
_a
Dr. Jeky & Mr. Hyde
250
_a
2014
260
_b
Heritage Pub.
300
_a
32
942
_2
ddc
_c
BK
999
_c
11488
_d
11488